Automatic process control for chemical engineers (Record no. 25223)

000 -LEADER
fixed length control field 00528nam a2200193 4500
001 - CONTROL NUMBER
control field 25223
003 - CONTROL NUMBER IDENTIFIER
control field BD-DhUET
008 - FIXED-LENGTH DATA ELEMENTS--GENERAL INFORMATION
fixed length control field 150304b1956 xxu||||| |||| 00| 0 eng d
040 ## - CATALOGING SOURCE
Original cataloging agency DLC
Transcribing agency DLC
Modifying agency BD-DhUET
082 ## - DEWEY DECIMAL CLASSIFICATION NUMBER
Classification number 660.28
Item number CEA/1956
100 ## - MAIN ENTRY--PERSONAL NAME
Personal name Ceaglaske, Norman H.
245 ## - TITLE STATEMENT
Title Automatic process control for chemical engineers
250 ## - EDITION STATEMENT
Edition statement 1st ed.
260 ## - PUBLICATION, DISTRIBUTION, ETC. (IMPRINT)
Place of publication, distribution, etc. New Delhi
Name of publisher, distributor, etc. Wiley Eastern
Date of publication, distribution, etc. 1956
300 ## - PHYSICAL DESCRIPTION
Extent xiv, 228 p.
Other physical details ill.
Dimensions 23 cm.
504 ## - BIBLIOGRAPHY, ETC. NOTE
Bibliography, etc Includes bibliographies
650 #0 - SUBJECT ADDED ENTRY--TOPICAL TERM
Topical term or geographic name as entry element Chemical engineering
942 ## - ADDED ENTRY ELEMENTS (KOHA)
Koha item type General Book
Holdings
Sublocation or collection (holding branch) Lost status Koha full call number Copy number Source of classification or shelving scheme Location (home branch) Withdrawn status Price effective from Koha normalized classification for sorting Date acquired Not for loan Koha item type Piece designation (barcode) Koha date last seen Damaged status Shelving location
Central Library, BUET 660.28/CEA/19561 Central Library, BUET 2015-05-13660_280000000000000_CEA_19562015-05-13 General Book326242015-05-13 Circulation section
Central Library, BUET 660.28/CEA/19562 Central Library, BUET 2015-05-13660_280000000000000_CEA_19562015-05-13 General Book326232015-05-13 Circulation section
Central Library, BUET 660.28/CEA/19563 Central Library, BUET 2015-05-13660_280000000000000_CEA_19562015-05-13 General Book326222015-05-13 Circulation section
Central Library, BUET 660.28/CEA/19564 Central Library, BUET 2015-05-13660_280000000000000_CEA_19562015-05-13 General Book326212015-05-13 Circulation section
Central Library, BUET 660.28/CEA/19565 Central Library, BUET 2015-05-13660_280000000000000_CEA_19562015-05-13 General Book209282015-05-13 Circulation section
Central Library, BUET 660.28/CEA/19566 Central Library, BUET 2015-05-13660_280000000000000_CEA_19562015-05-13 General Book373102015-05-13 Circulation section
Central Library, BUET 660.28/CEA/19567 Central Library, BUET 2015-05-13660_280000000000000_CEA_19562015-05-13 General Book326252015-05-13 Circulation section
Central Library, BUET 660.28/CEA/19568 Central Library, BUET 2015-05-13660_280000000000000_CEA_19562015-05-13 General Book111452015-05-13 Circulation section
Central Library, BUET 660.28/CEA/19569 Central Library, BUET 2015-05-13660_280000000000000_CEA_19562015-05-13 General Book111482015-05-13 Circulation section
Central Library, BUET 660.28/CEA/195610 Central Library, BUET 2015-05-13660_280000000000000_CEA_19562015-05-13 General Book111442015-05-13 Circulation section
Central Library, BUET 660.28/CEA/195611 Central Library, BUET 2015-05-13660_280000000000000_CEA_19562015-05-13 General Book124312015-05-13 Circulation section
Central Library, BUET 660.28/CEA/195612 Central Library, BUET 2015-05-13660_280000000000000_CEA_19562015-05-13 General Book101512015-05-13 Circulation section